A study in the co-operative movement in India: (Record no. 56864)

MARC details
000 -LEADER
fixed length control field 00708cam a22002531 4500
001 - CONTROL NUMBER
control field sa 64001690
003 - CONTROL NUMBER IDENTIFIER
control field DLC
005 - DATE AND TIME OF LATEST TRANSACTION
control field 20260227112004.0
008 - FIXED-LENGTH DATA ELEMENTS--GENERAL INFORMATION
fixed length control field 800721s1962 ii b 000 0 eng
010 ## - LIBRARY OF CONGRESS CONTROL NUMBER
LC control number sa 64001690
025 ## - OVERSEAS ACQUISITION NUMBER
Overseas acquisition number PL480:I-E-2533
035 ## - SYSTEM CONTROL NUMBER
System control number (OCoLC)6536554
040 ## - CATALOGING SOURCE
Original cataloging agency DLC
Transcribing agency LU
Modifying agency DLC
042 ## - AUTHENTICATION CODE
Authentication code premarc
043 ## - GEOGRAPHIC AREA CODE
Geographic area code a-ii---
050 00 - LIBRARY OF CONGRESS CALL NUMBER
Classification number HD3538
Item number .I9
100 1# - MAIN ENTRY--PERSONAL NAME
Personal name Iyengar, A. S. K.
245 12 - TITLE STATEMENT
Title A study in the co-operative movement in India:
Remainder of title facts, theory, polemics.
Statement of responsibility, etc. Foreword by S. K. Dey.
250 ## - EDITION STATEMENT
Edition statement [1st ed.]
260 ## - PUBLICATION, DISTRIBUTION, ETC.
Place of publication, distribution, etc. Bombay,
Name of publisher, distributor, etc. Current Book House
Date of publication, distribution, etc. [1962?]
300 ## - PHYSICAL DESCRIPTION
Extent 253 p.
Dimensions 23 cm.
504 ## - BIBLIOGRAPHY, ETC. NOTE
Bibliography, etc. note Bibliography: [203]-205.
650 #0 - SUBJECT ADDED ENTRY--TOPICAL TERM
Topical term or geographic name entry element Cooperation
Geographic subdivision India.

No items available.

Powered by Koha